| 000 | 00895nam a2200193 a 4500 | ||
|---|---|---|---|
| 001 | 49389 | ||
| 005 | 20180714034049.0 | ||
| 008 | 140415s2000 mx 000 0 spa d | ||
| 020 | _a9706863575 | ||
| 041 | _aspa | ||
| 082 |
_a658.154 _bRIO |
||
| 100 | 1 | _aRío González, Cristóbal del,. | |
| 245 | 1 | 3 |
_aEL PRESUPUESTO : _bGENERALIDADES, TRADICIONAL, AREAS Y NIVELES DE RESPONSABILIDAD , PROGRAMAS Y ACTIVIDADES, BASE CERO, ASI COMO TEORIA Y PRACTICA |
| 250 | _a9a ed. | ||
| 260 |
_aMEXICO : _bINTERNATIONAL THOMSON EDITORES, _c2000 |
||
| 300 |
_a125 _c16 x 1.5 x 22.1 |
||
| 520 | _aEN ESTA OBRA EL AUTOR NOS MUESTRA LOS ANTECEDENTES, GENERALIDADES, REQUISITOS, CARACTERÍSTICAS E IMPORTANCIA ASI COMO LA FORMA DE DISEÑAR, IMPLEMENTAR DIRIGIR Y CONTROLAR EL PRESUPUESTO, ASÍ COMO A DETERMINAR Y CORREGIR A TIEMPO LAS VARIACIONES Y DESVIACIONES. | ||
| 650 | 1 | 4 | _aPRESUPUESTO |
| 999 |
_c49389 _d49389 |
||